| 000 | 00667nam a2200241Ia 4500 | ||
|---|---|---|---|
| 003 | OSt | ||
| 005 | 20220924115510.0 | ||
| 006 | a|||||r|||| 00| 0 | ||
| 007 | ta | ||
| 008 | 220923b |||||||| |||| 00| 0 per d | ||
| 024 | _a325800 | ||
| 037 | _cTextual | ||
| 040 |
_aARTS _cARTS _bper |
||
| 041 |
_2per _aper |
||
| 082 | _aO164v, G4 | ||
| 100 |
_aKhurasani Badiuzzaman Au. _9178505 |
||
| 245 | 0 | _aMan bahsat adbiyat Farsi | |
| 260 |
_aDelhi _bCambridge book company India _c1934 |
||
| 300 |
_a328p. _ccm. |
||
| 650 |
_aPERSIAN LITERATURE _9309 |
||
| 942 |
_hO164v, G4 _cTEXL _2CC |
||
| 999 |
_c398594 _d398594 |
||